Statistiques concernant Trouvez les pays en B

Cliquez ici pour prendre le quiz!

Statistiques générales

  • Ce quiz a été pris 301 fois
  • Le résultat moyen est 12 sur 18

Statistiques - réponses

Réponse% Correct
Belgique
90%
Bolivie
79%
Birmanie
77%
Bulgarie
76%
Bresil
69%
Biélorussie
67%
Bhoutan
66%
Botswana
66%
Benin
64%
Bangladesh
63%
Bosnie-Herzégovine
60%
Bahrein
58%
Burkina
58%
Bahamas
57%
Belize
54%
Barbade
52%
Brunei
51%
Burundi
51%

Distribution des résultats

Percentile par nombre de réponses

% des personnes avec chaque résultat

Votre développement - résultats

Vous n’avez pas pris ce quiz